[Event "Stay Safe Play From Home 249"]
[Site "Emanuel Lasker Arena"]
[Date "2020.06.23"]
[Round "6"]
[White "Moontan"]
[Black "Klasman"]
[Result "0-1"]
[WhiteElo "1852"]
[BlackElo "1811"]
[Annotator "NA"]
[PlyCount "46"]
[EventDate "2020.06.23"]
[EventType "swiss (blitz)"]

1. e4 {[%emt 0:00:03]} f5 {[%emt 0:00:01]} 2. exf5 {[%emt 0:00:11]} Nf6 {[%emt 0:00:02]} 3. Nf3 {[%emt 0:00:03]} d5 {[%emt 0:00:01]} 4. d4 {[%emt 0:00:03]} Bxf5 {[%emt 0:00:02]} 5. Bd3 {[%emt 0:00:01]} Bg4 {[%emt 0:00:02]} 6. O-O {[%emt 0:00:03]} Nc6 {[%emt 0:00:01]} 7. Bb5 {[%emt 0:00:05]} Qd6 {[%emt 0:00:08]} 8. Re1 {[%emt 0:00:03]} O-O-O {[%emt 0:00:02]} 9. Qd3 {[%emt 0:00:05]} Nb4 {[%emt 0:00:16]} 10. Qb3 {[%emt 0:00:22]} Bxf3 {[%emt 0:00:14]} 11. gxf3 {[%emt 0:00:02]} c6 {[%emt 0:00:02]} 12. Bf1 {[%emt 0:00:02]} Nh5 {[%emt 0:00:40]} 13. a3 {[%emt 0:00:04]} Qg6+ {[%emt 0:00:06]} 14. Kh1 {[%emt 0:00:03]} Nxc2 {[%emt 0:00:01]} 15. Bd3 {[%emt 0:00:09]} Nxa1 {[%emt 0:00:07]} 16. Bxg6 {[%emt 0:00:08]} Nxb3 {[%emt 0:00:01]} 17. Bxh5 {[%emt 0:00:01]} Nxd4 {[%emt 0:00:14]} 18. Be3 {[%emt 0:00:10]} Nc2 {[%emt 0:00:19]} 19. Rc1 {[%emt 0:00:04]} Nxe3 {[%emt 0:00:08]} 20. fxe3 {[%emt 0:00:01]} g6 {[%emt 0:00:08]} 21. Bg4+ {[%emt 0:00:02]} Kc7 {[%emt 0:00:03]} 22. Nc3 {[%emt 0:00:01]} Bh6 {[%emt 0:00:03]} 23. Kg2 {[%emt 0:00:04]} Bxe3 {[%emt 0:00:02] Moontan resigns (Lag: Av=0.47s, max=0.7s)} 0-1

[Event "Stay Safe Play From Home 249"]
[Site "Emanuel Lasker Arena"]
[Date "2020.06.23"]
[Round "6"]
[White "Timbre"]
[Black "Galatasaray01"]
[Result "1-0"]
[WhiteElo "1643"]
[BlackElo "1170"]
[Annotator "NA"]
[PlyCount "55"]
[EventDate "2020.06.23"]
[EventType "swiss (blitz)"]

1. d4 {[%emt 0:00:01]} d5 {[%emt 0:00:02]} 2. Nf3 {[%emt 0:00:01]} Nc6 {[%emt 0:00:02]} 3. c3 {[%emt 0:00:01]} Bf5 {[%emt 0:00:03]} 4. Bf4 {[%emt 0:00:01]} Nf6 {[%emt 0:00:05]} 5. e3 {[%emt 0:00:01]} e6 {[%emt 0:00:05]} 6. Bd3 {[%emt 0:00:02]} Bg6 {[%emt 0:00:12]} 7. Bxg6 {[%emt 0:00:03]} hxg6 {[%emt 0:00:05]} 8. Nbd2 {[%emt 0:00:02]} Ne4 {[%emt 0:00:02]} 9. Nxe4 {[%emt 0:00:05]} dxe4 {[%emt 0:00:02]} 10. Nd2 {[%emt 0:00:01]} g5 {[%emt 0:00:20]} 11. Bg3 {[%emt 0:00:06]} f5 {[%emt 0:00:05]} 12. h3 {[%emt 0:00:09]} f4 {[%emt 0:00:01]} 13. exf4 {[%emt 0:00:02]} gxf4 {[%emt 0:00:01]} 14. Bxf4 {[%emt 0:00:01]} g5 {[%emt 0:00:04]} 15. Bg3 {[%emt 0:00:02]} Bd6 {[%emt 0:00:03]} 16. Nxe4 {[%emt 0:00:03]} Bxg3 {[%emt 0:00:03]} 17. Nxg3 {[%emt 0:00:02]} Qd5 {[%emt 0:00:04]} 18. O-O {[%emt 0:00:09]} O-O-O {[%emt 0:00:03]} 19. Qg4 {[%emt 0:00:10]} Ne7 {[%emt 0:00:12]} 20. Rfe1 {[%emt 0:00:04]} Rd6 {[%emt 0:00:03]} 21. Re5 {[%emt 0:00:06]} Qb5 {[%emt 0:00:04]} 22. Rxb5 {[%emt 0:00:05]} Rg8 {[%emt 0:00:12]} 23. Re1 {[%emt 0:00:05]} Ng6 {[%emt 0:00:04]} 24. Qe4 {[%emt 0:00:03]} a6 {[%emt 0:00:10]} 25. Qxb7+ {[%emt 0:00:06]} Kd7 {[%emt 0:00:03]} 26. Rxg5 {[%emt 0:00:09]} Rb6 {[%emt 0:00:08]} 27. Qe4 {[%emt 0:00:07]} Nh4 {[%emt 0:00:11]} 28. Qxh4 {[%emt 0:00:07] Galatasaray01 terk eder (Lag: Av=0.90s, max=6.0s)} 1-0

[Event "Stay Safe Play From Home 249"]
[Site "Emanuel Lasker Arena"]
[Date "2020.06.23"]
[Round "7"]
[White "Haxhi Baha"]
[Black "Germanicus G"]
[Result "1-0"]
[WhiteElo "1996"]
[BlackElo "1667"]
[PlyCount "49"]
[EventDate "2020.06.23"]
[EventType "swiss (blitz)"]

1. e4 {[%emt 0:00:02]} e6 {[%emt 0:00:08]} 2. d4 {[%emt 0:00:01]} b6 {[%emt 0:00:02]} 3. Bd3 {[%emt 0:00:15]} Bb7 {[%emt 0:00:02]} 4. Qe2 {[%emt 0:00:01]} Nc6 {[%emt 0:00:06]} 5. c3 {[%emt 0:00:01]} e5 {[%emt 0:00:15]} 6. d5 {[%emt 0:00:05]} Nce7 {[%emt 0:00:03]} 7. f4 {[%emt 0:00:01]} exf4 {[%emt 0:00:03]} 8. Bxf4 {[%emt 0:00:00]} Ng6 {[%emt 0:00:01]} 9. Bg3 {[%emt 0:00:01]} d6 {[%emt 0:00:06]} 10. Bb5+ {[%emt 0:00:09]} Ke7 {[%emt 0:00:11]} 11. Nf3 {[%emt 0:00:01]} Nf6 {[%emt 0:00:06]} 12. O-O {[%emt 0:00:14]} a6 {[%emt 0:00:01]} 13. Bc4 {[%emt 0:00:20]} Nd7 {[%emt 0:00:30]} 14. e5 {[%emt 0:00:11]} dxe5 {[%emt 0:00:17]} 15. Nxe5 {[%emt 0:00:01]} Ndxe5 {[%emt 0:00:06]} 16. Bxe5 {[%emt 0:00:00]} Kd7 {[%emt 0:00:09]} 17. Rxf7+ {[%emt 0:00:24]} Be7 {[%emt 0:00:09]} 18. Bxg7 {[%emt 0:00:34]} Kc8 {[%emt 0:00:07]} 19. Bxh8 {[%emt 0:00:04]} Qxh8 {[%emt 0:00:33]} 20. Rxe7 {[%emt 0:00:15]} Nxe7 {[%emt 0:00:20]} 21. Qxe7 {[%emt 0:00:00]} Kb8 {[%emt 0:00:02]} 22. Nd2 {[%emt 0:00:12]} b5 {[%emt 0:00:11]} 23. Bb3 {[%emt 0:00:07]} b4 {[%emt 0:00:11]} 24. Ne4 {[%emt 0:00:10]} bxc3 {[%emt 0:00:07]} 25. bxc3 {[%emt 0:00:00] Zeit} 1-0

[Event "Stay Safe Play From Home 249"]
[Site "Emanuel Lasker Arena"]
[Date "2020.06.23"]
[Round "7"]
[White "Dave_H"]
[Black "Timbre"]
[Result "1-0"]
[WhiteElo "1905"]
[BlackElo "1645"]
[PlyCount "45"]
[EventDate "2020.06.23"]
[EventType "swiss (blitz)"]
[WhiteTeam "SK Vellmar"]

{Halt, David (2088)} 1. e4 {[%emt 0:00:03]} c6 {[%emt 0:00:16]} 2. d4 {[%emt 0:00:15]} d5 {[%emt 0:00:03]} 3. f3 {[%emt 0:00:01]} dxe4 {[%emt 0:00:01]} 4. fxe4 {[%emt 0:00:03]} Nf6 {[%emt 0:00:01]} 5. e5 {[%emt 0:00:04]} Nd5 {[%emt 0:00:02]} 6. Nf3 {[%emt 0:00:03]} Bg4 {[%emt 0:00:04]} 7. Bd3 {[%emt 0:00:05]} e6 {[%emt 0:00:03]} 8. O-O {[%emt 0:00:03]} Be7 {[%emt 0:00:02]} 9. c3 {[%emt 0:00:03]} O-O {[%emt 0:00:06]} 10. Qc2 {[%emt 0:00:08]} Bh5 {[%emt 0:00:02]} 11. Bxh7+ {[%emt 0:00:03]} Kh8 {[%emt 0:00:02]} 12. Bd3 {[%emt 0:00:04]} Nd7 {[%emt 0:00:06]} 13. Qf2 {[%emt 0:00:11]} f5 {[%emt 0:00:05]} 14. exf6 {[%emt 0:00:03]} N7xf6 {[%emt 0:00:02]} 15. Ng5 {[%emt 0:00:05]} Bf7 {[%emt 0:00:16]} 16. Qh4+ {[%emt 0:00:03]} Kg8 {[%emt 0:00:02]} 17. Bh7+ {[%emt 0:00:04]} Kh8 {[%emt 0:00:05]} 18. Nxf7+ {[%emt 0:00:03]} Rxf7 {[%emt 0:00:06]} 19. Bg6+ {[%emt 0:00:02]} Kg8 {[%emt 0:00:01]} 20. Bxf7+ {[%emt 0:00:05]} Kxf7 {[%emt 0:00:02]} 21. Qh5+ {[%emt 0:00:02]} Kg8 {[%emt 0:00:04]} 22. Qg6 {[%emt 0:00:05]} Qd6 {[%emt 0:00:03]} 23. Bh6 {[%emt 0:00:03] Timbre resigns (Lag: Av=0.35s, max=0.5s)} 1-0

[Event "Stay Safe Play From Home 249"]
[Site "Emanuel Lasker Arena"]
[Date "2020.06.23"]
[Round "7"]
[White "Klasman"]
[Black "Dukic"]
[Result "0-1"]
[WhiteElo "1864"]
[BlackElo "1922"]
[PlyCount "64"]
[EventDate "2020.06.23"]
[EventType "swiss (blitz)"]

1. f4 {[%emt 0:00:01]} d6 {[%emt 0:00:05]} 2. e4 {[%emt 0:00:01]} Nd7 {[%emt 0:00:00]} 3. d4 {[%emt 0:00:01]} e5 {[%emt 0:00:01]} 4. d5 {[%emt 0:00:03]} Ngf6 {[%emt 0:00:04]} 5. Bd3 {[%emt 0:00:04]} c6 {[%emt 0:00:09]} 6. c4 {[%emt 0:00:02]} Qb6 {[%emt 0:00:05]} 7. Qb3 {[%emt 0:00:11]} Qxb3 {[%emt 0:00:02]} 8. axb3 {[%emt 0:00:02]} Nc5 {[%emt 0:00:00]} 9. Bc2 {[%emt 0:00:26]} Ncxe4 {[%emt 0:00:11]} 10. fxe5 {[%emt 0:00:04]} dxe5 {[%emt 0:00:02]} 11. Nf3 {[%emt 0:00:05]} cxd5 {[%emt 0:00:09]} 12. cxd5 {[%emt 0:00:18]} Bd6 {[%emt 0:00:04]} 13. O-O {[%emt 0:00:08]} Bc5+ {[%emt 0:00:02]} 14. Kh1 {[%emt 0:00:02]} Nf2+ {[%emt 0:00:01]} 15. Kg1 {[%emt 0:00:16]} e4 {[%emt 0:00:17]} 16. b4 {[%emt 0:00:20]} Bb6 {[%emt 0:00:02]} 17. Rxf2 {[%emt 0:00:12]} exf3 {[%emt 0:00:07]} 18. gxf3 {[%emt 0:00:02]} Nxd5 {[%emt 0:00:17]} 19. Kg2 {[%emt 0:00:09]} Bxf2 {[%emt 0:00:03]} 20. Kxf2 {[%emt 0:00:01]} O-O {[%emt 0:00:05]} 21. Bd2 {[%emt 0:00:04]} Be6 {[%emt 0:00:06]} 22. Nc3 {[%emt 0:00:06]} Rfd8 {[%emt 0:00:04]} 23. Nxd5 {[%emt 0:00:08]} Bxd5 {[%emt 0:00:05]} 24. Be3 {[%emt 0:00:04]} b6 {[%emt 0:00:02]} 25. Rg1 {[%emt 0:00:10]} Rac8 {[%emt 0:00:09]} 26. Bf5 {[%emt 0:00:10]} Rc6 {[%emt 0:00:07]} 27. Bg5 {[%emt 0:00:08]} f6 {[%emt 0:00:08]} 28. Bh6 {[%emt 0:00:07]} Rc7 {[%emt 0:00:17]} 29. Bf4 {[%emt 0:00:11]} Rc4 {[%emt 0:00:16]} 30. Bh6 {[%emt 0:00:03]} g6 {[%emt 0:00:18]} 31. Bd3 {[%emt 0:00:19]} Rxb4 {[%emt 0:00:04]} 32. h4 {[%emt 0:00:03]} Rxh4 {[%emt 0:00:03] Time (Lag: Av=0.48s, max=1.3s)} 0-1

[Event "Stay Safe Play From Home 249"]
[Site "Emanuel Lasker Arena"]
[Date "2020.06.23"]
[Round "7"]
[White "Moontan"]
[Black "Lazieri3"]
[Result "1/2-1/2"]
[WhiteElo "1833"]
[BlackElo "2095"]
[PlyCount "85"]
[EventDate "2020.06.23"]
[EventType "swiss (blitz)"]

1. e4 {[%emt 0:00:42]} c6 {[%emt 0:00:00]} 2. d4 {[%emt 0:00:03]} d5 {[%emt 0:00:00]} 3. e5 {[%emt 0:00:01]} Bf5 {[%emt 0:00:01]} 4. Ne2 {[%emt 0:00:01]} e6 {[%emt 0:00:01]} 5. Ng3 {[%emt 0:00:01]} Bg6 {[%emt 0:00:01]} 6. h4 {[%emt 0:00:01]} h6 {[%emt 0:00:01]} 7. h5 {[%emt 0:00:01]} Bh7 {[%emt 0:00:00]} 8. Bd3 {[%emt 0:00:01]} Bxd3 {[%emt 0:00:00]} 9. cxd3 {[%emt 0:00:01]} c5 {[%emt 0:00:01]} 10. dxc5 {[%emt 0:00:01]} Bxc5 {[%emt 0:00:00]} 11. d4 {[%emt 0:00:01]} Bb4+ {[%emt 0:00:05]} 12. Bd2 {[%emt 0:00:01]} Bxd2+ {[%emt 0:00:02]} 13. Qxd2 {[%emt 0:00:02]} Ne7 {[%emt 0:00:01]} 14. Nc3 {[%emt 0:00:02]} Nbc6 {[%emt 0:00:01]} 15. O-O {[%emt 0:00:03]} a6 {[%emt 0:00:01]} 16. Rad1 {[%emt 0:00:07]} Qb6 {[%emt 0:00:02]} 17. f4 {[%emt 0:00:04]} O-O-O {[%emt 0:00:02]} 18. Kh2 {[%emt 0:00:02]} g6 {[%emt 0:00:03]} 19. a3 {[%emt 0:00:08]} Nf5 {[%emt 0:00:03]} 20. Nxf5 {[%emt 0:00:04]} gxf5 {[%emt 0:00:00]} 21. b4 {[%emt 0:00:03]} Rhg8 {[%emt 0:00:02]} 22. Na4 {[%emt 0:00:04]} Qc7 {[%emt 0:00:08]} 23. Nc5 {[%emt 0:00:01]} Rg4 {[%emt 0:00:03]} 24. g3 {[%emt 0:00:03]} Rdg8 {[%emt 0:00:02]} 25. Rf3 {[%emt 0:00:01]} Qb6 {[%emt 0:00:12]} 26. Rc3 {[%emt 0:00:07]} Qb5 {[%emt 0:00:14]} 27. Qd3 {[%emt 0:00:07]} Rxg3 {[%emt 0:00:14]} 28. Qxb5 {[%emt 0:00:47]} Rg2+ {[%emt 0:00:15]} 29. Kh3 {[%emt 0:00:10]} axb5 {[%emt 0:00:00]} 30. a4 {[%emt 0:00:09]} Nxb4 {[%emt 0:01:15]} 31. Nxe6+ {[%emt 0:00:03]} Kd7 {[%emt 0:00:18]} 32. Ng5 {[%emt 0:00:02]} Rf2 {[%emt 0:00:18]} 33. Nf3 {[%emt 0:00:15]} bxa4 {[%emt 0:00:12]} 34. Rb1 {[%emt 0:00:04]} Ra8 {[%emt 0:00:28]} 35. Rxb4 {[%emt 0:00:02]} a3 {[%emt 0:00:00]} 36. Rxb7+ {[%emt 0:00:01]} Ke8 {[%emt 0:00:01]} 37. Rcc7 {[%emt 0:00:08]} Rxf3+ {[%emt 0:00:04]} 38. Kh2 {[%emt 0:00:04]} a2 {[%emt 0:00:04]} 39. Re7+ {[%emt 0:00:03]} Kd8 {[%emt 0:00:01]} 40. Red7+ {[%emt 0:00:01]} Kc8 {[%emt 0:00:01]} 41. Rdc7+ {[%emt 0:00:01]} Kd8 {[%emt 0:00:01]} 42. Rd7+ {[%emt 0:00:01]} Kc8 {[%emt 0:00:02] Moontan offers a draw} 43. Rdc7+ {[%emt 0:00:02] (Lag: Av=0.59s, max=0.8s)} 1/2-1/2